গল্পে গল্পে উপদেশ: (Record no. 11481)
[ view plain ]
| 000 -LEADER | |
|---|---|
| fixed length control field | 00831nam a2200217 a 4500 |
| 001 - CONTROL NUMBER | |
| JCCL Control Number | 11481 |
| 003 - CONTROL NUMBER IDENTIFIER | |
| JCCL marc code | BD-JhCC |
| 005 - DATE AND TIME OF LATEST TRANSACTION | |
| control field | 20211004134021.0 |
| 008 - FIXED-LENGTH DATA ELEMENTS--GENERAL INFORMATION | |
| fixed length control field | 190626b 2004bg |||| ||a| 000 0 ben d |
| 035 ## - SYSTEM CONTROL NUMBER | |
| system control number | (BD-JhCC)11481 |
| 040 ## - CATALOGING SOURCE | |
| Original cataloging agency | BD-JhCC |
| Modifying agency | BD-JhCC |
| 041 ## - LANGUAGE CODE | |
| Language code of Book | ben |
| 082 ## - DEWEY DECIMAL CLASSIFICATION NUMBER | |
| Classification number | 297 |
| Author mark and Year | ELI 2004 |
| 100 ## - MAIN ENTRY--PERSONAL NAME | |
| Personal name | ইলিয়াছ, মাওলানা মুহাম্মদ |
| 245 ## - TITLE STATEMENT | |
| Title | গল্পে গল্পে উপদেশ: |
| Remainder of title | ইসলামী গল্প সিরিজ / |
| Statement of responsibility, etc | মাওলানা মুহাম্মদ ইলিয়াছ । |
| 260 ## - PUBLICATION, DISTRIBUTION, ETC. (IMPRINT) | |
| Place of publication, distribution, etc | ঢাকা: |
| Name of publisher, distributor, etc | নাদিয়াতুল কুরআন প্রকাশনী; |
| Date of publication, distribution, etc | ২০০৪. |
| 300 ## - PHYSICAL DESCRIPTION | |
| Pagination | ৮০ পৃ. : |
| Dimensions | ২২ সেমি. |
| 650 ## - SUBJECT ADDED ENTRY--TOPICAL TERM | |
| Topical term or geographic name as entry element | Islamic Story |
| 942 ## - ADDED ENTRY ELEMENTS (KOHA) | |
| Source of classification or shelving scheme | Dewey Decimal Classification |
| Koha item type | Books |
| Koha issues (borrowed), all copies | 9 |
| Source of classification or shelving scheme | volume number | Damaged status | Not for loan | Home library | Current library | Shelving location | Date of accession | Cost, normal purchase price | Total Checkouts | Full call number | Barcode | Date last seen | Date checked out | Copy number | Koha item type |
|---|---|---|---|---|---|---|---|---|---|---|---|---|---|---|---|
| Dewey Decimal Classification | V-1 | JCC Rouf Library | JCC Rouf Library | General Stacks | 06/26/2019 | 84.00 | 3 | 297 ELI 2004 | 15731 | 03/08/2022 | 10/14/2021 | C-1 | Books | ||
| Dewey Decimal Classification | V-2 | JCC Rouf Library | JCC Rouf Library | General Stacks | 06/26/2019 | 84.00 | 4 | 297 ELI 2004 | 15732 | 05/12/2022 | 02/24/2022 | C-1 | Books | ||
| Dewey Decimal Classification | V-3 | JCC Rouf Library | JCC Rouf Library | General Stacks | 06/26/2019 | 84.00 | 2 | 297 ELI 2004 | 15733 | 05/21/2024 | 05/20/2024 | C-1 | Books | ||
| Dewey Decimal Classification | V-4 | JCC Rouf Library | JCC Rouf Library | General Stacks | 06/26/2019 | 84.00 | 1 | 297 ELI 2004 | 15734 | 08/16/2023 | 08/09/2023 | C-1 | Books | ||
| Dewey Decimal Classification | V-5 | JCC Rouf Library | JCC Rouf Library | General Stacks | 06/26/2019 | 84.00 | 3 | 297 ELI 2004 | 15735 | 02/23/2025 | 02/20/2025 | C-1 | Books |